000 00644nam a2200193 a 4500
001 2950
005 20140414132037.0
008 051130s19uu xx 00 eng d
020 _a0-439-67907-9
050 _aTR
_bW11 2004
100 _aSperring, Mark
245 _aWanda's first day /
_cby Mark Sperring ; illustrated by Kate Liz Pope.
260 _aNew York :
_bScholastic,
_c2004.
300 _a1 v. p. ; cm.
520 _aEvery morning and evening the Sun and the Moon glance shyly to each other from across the earth, each longing for friendship.
650 _aFriendship
_xFiction.
650 _aChildren stories.
999 _c113761
_d113761